| 000 | 01216nam0a2200313 4500 | ||
|---|---|---|---|
| 001 | RU\NLR\BIBL_A\011753538 | ||
| 005 | 20180816131958.0 | ||
| 010 |
_a978-5-9500967-6-1 _91000 |
||
| 021 |
_aRU _bКН-П-18-045285 _9КН-П-18-3266 |
||
| 035 | _a(NLR Aleph) 011753538 | ||
| 035 | _a(RuMoRGB)009666599 | ||
| 090 |
_a11640773 _c11640773 |
||
| 100 | _a20180717d2018 m y0rusy50 ca | ||
| 101 | 0 | _arus | |
| 102 | _aRU | ||
| 105 | _aac z 000zy | ||
| 200 | 1 |
_aСвятые - жатва Духа Божия _fархиепископ Аверкий (Таушев) |
|
| 210 |
_aМосква _aСевастополь _cЦерковно-историческое общество _d2018 |
||
| 215 |
_a668 с. _cил., портр. _d17 |
||
| 333 | _a12+ | ||
| 606 | 1 |
_aСвятые православные _2nlr_sh1 _2nlr_sh2 _3RU\NLR\AUTH\66126141 |
|
| 686 | 2 | _aЭ372.24-574 | |
| 700 | 1 |
_aАверкий _cТаушев, Александр Павлович _cархиепископ Сиракузский и Троицкий _f1906-1976 _3RU\NLR\AUTH\778914 |
|
| 942 | _cBOOK | ||
| 980 | _aNBR | ||
| 980 | _aNB | ||